Score 0/48 Timer 03:00
0 Plays Today
Hint Word % Correct
❖ Big game animal ❖❖ DEER ❖
90.3%
Whole, malted, or skim ____MILK
83.5%
Jagger of Rolling Stones fameMICK
81.7%
Not softHARD
79.4%
DaybreakDAWN
75%
❖ Bambi, e.g. ❖❖ FAWN ❖
74.5%
Arm enderHAND
71.7%
❖ Set of antlers ❖❖ RACK ❖
69.2%
StumbleFALL
68.6%
Matador foeBULL
67.9%
Mend a sockDARN
67.8%
PosteriorBACK
67.7%
❖ Trophy deer ❖❖ BUCK ❖
67%
Formal danceBALL
65.9%
CitrusLIME
64.8%
ChallengeDARE
63.1%
Fence portalGATE
61%
Smallest pupRUNT
60.7%
Hay stackRICK
59.9%
Calendar unit?DATE
59.4%
Ladder stepRUNG
59.1%
'Seasons of Love' musicalRENT
57.7%
Salt ___ (deer bait)LICK
57.4%
MitesLICE
55.9%
Hint Word % Correct
Popular adult beverageBEER
54.9%
❖ Seek game ❖❖ HUNT ❖
54.2%
Chair, bench, or stoolSEAT
51%
WarpBEND
51%
Jury result?HUNG
51%
Baseball ployBUNT
50.3%
Puerto Rican rebel groupFALN
49.3%
Cowboy bedBUNK
49.3%
Draw a ____ (aim)BEAD
47.2%
MassBULK
47%
Bottled upPENT
46.7%
Hunter's demise?BEAR
46.7%
Need for a casinoLUCK
45.6%
Marsh mossPEAT
43.7%
TieBIND
42.9%
❖ Red deer ❖❖ HART ❖
42.9%
Sports dataSTAT
42.6%
❖ Doe ❖❖ HIND ❖
40.9%
PauseHALT
40.6%
❖Hunter's quarry ❖❖ GAME ❖
40.4%
Halt of stepLAME
37.3%
❖ Antlered one ❖❖ STAG ❖
37%
Spawning stuffMILT
26.1%
PommelHILT
24.1%

Today's Daily Dose

Missing Word
Train Books

Word Ladder
Piano Man

Quick Pick
Google Products

Get the Picture
Moana or Coco

Remove Ads.
Support Sporcle.
Get the best of Sporcle when you Go Orange. This ad-free experience offers more features, more stats, and more fun while also helping to support Sporcle. Thank you for becoming a member.

You're not logged in!

Compare scores with friends on all Sporcle quizzes.
OR
Log In

Show Comments

Extras

Top Quizzes Today


Score Distribution

Your Account Isn't Verified!

In order to create a playlist on Sporcle, you need to verify the email address you used during registration. Go to your Sporcle Settings to finish the process.

Report this User

Report this user for behavior that violates our Community Guidelines.

Details: